Bigger better faster more (Record no. 104652)
[ view plain ]
| 000 -LEADER | |
|---|---|
| fixed length control field | 01558cam a2200229 4500 |
| 001 - CONTROL NUMBER | |
| control field | ##L131157 |
| 008 - FIXED-LENGTH DATA ELEMENTS--GENERAL INFORMATION | |
| fixed length control field | 051004n2005 000 0 eng u |
| 020 ## - INTERNATIONAL STANDARD BOOK NUMBER | |
| International Standard Book Number | 0954752775 |
| 035 ## - SYSTEM CONTROL NUMBER | |
| System control number | (Sirsi) u131157 |
| 041 0# - LANGUAGE CODE | |
| Language code of text/sound track or separate title | eng |
| 050 04 - LIBRARY OF CONGRESS CALL NUMBER | |
| Classification number | 306.025 $2 18 |
| 100 1# - MAIN ENTRY--PERSONAL NAME | |
| Personal name | Evans, Alan W. |
| 245 00 - TITLE STATEMENT | |
| Title | Bigger better faster more |
| Remainder of title | why some countries plan better than others |
| 260 ## - PUBLICATION, DISTRIBUTION, ETC. | |
| Place of publication, distribution, etc. | London |
| Name of publisher, distributor, etc. | Policy Exchange |
| Date of publication, distribution, etc. | 2005 |
| 520 ## - SUMMARY, ETC. | |
| Summary, etc. | This new report from the Policy Exchange, the second in a series of three by these authors, looks at the housing development experience in Germany, Switzerland, Republic of Ireland and Australia. Whereas the localised fiscal and planning systems in Germany and Switzerland have led to large and affordable homes in green cities, the centralised planning systems in Ireland and Australia have contributed to skyrocketing house prices and restrictions on living space. The first report "Unaffordable housing - fables and myths" (ISBN 0954752767) showed that Britain's centralised system of planning restricts the supply of housing and the forthcoming, final report will apply the lessons learnt from the current study to the UK and produce a set of reforms aimed at giving Britain the housing it deserves. |
| 590 ## - LOCAL NOTE (RLIN) | |
| Local note | IKA111005 |
| 650 ## - SUBJECT ADDED ENTRY--TOPICAL TERM | |
| Topical term or geographic name entry element | Affordable housing |
| 9 (RLIN) | 6215 |
| 690 ## - LOCAL SUBJECT ADDED ENTRY--TOPICAL TERM (OCLC, RLIN) | |
| Topical term or geographic name as entry element | PROPERTY-RESIDENTIAL PROPERTY-RESIDENTIAL PROPERTY DEVELOPMENT |
| 700 1# - ADDED ENTRY--PERSONAL NAME | |
| Personal name | Hartwich, Oliver Marc |
| 856 40 - ELECTRONIC LOCATION AND ACCESS | |
| Uniform Resource Identifier | <a href="https://www.policyexchange.org.uk/index.php?id=7">https://www.policyexchange.org.uk/index.php?id=7</a> |
| Public note | View both reports free of charge at www.policyexchange.org.uk... |
| 942 ## - ADDED ENTRY ELEMENTS (KOHA) | |
| Suppress in OPAC | 0 |
| Withdrawn status | Lost status | Source of classification or shelving scheme | Damaged status | Not for loan | Home library | Current library | Shelving location | Date acquired | Total Checkouts | Full call number | Barcode | Date last seen | Copy number | Price effective from | Koha item type |
|---|---|---|---|---|---|---|---|---|---|---|---|---|---|---|---|
| Dewey Decimal Classification | Virtual | Virtual | Online | 04/10/2005 | ONLINE PUBLICATION | 131157-2001 | 06/08/2019 | 1 | 06/08/2019 | Book |